000 00210 a2200097 4500
001 11059
100 _aAkhtar Aman
245 _aIslami Jamouria Pakistan
260 _a
_bUniversal Book
_c
090 _c8623
_d8623
942 _aNUST-CAE
_cM
_c35404
999 _c246132
_d246132